000
00327nam a22001457a 4500
003
SGT
020
_a
9788180384448
082
_a
345,RAT
100
_a
RATANLAL & DHIRAJLAL
245
_a
THE INDIAN PENAL CODE(HINDI)
260
_a
NEW DELHI
_b
LEXIS NEXIS
_c
2008
300
_a
1223
650
_a
CRIMINAL LAW
942
_2
ddc
_c
BK
999
_c
10182
_d
10182